000 00876nam a2200181Ii 4500
008 221202s xx 000 0 und d
100 1 _aCahn, Claude,
_eauthor
245 0 _aBonobo Cognition and Behaviour
264 _bBrill
_c2015
300 _a1 online resource
336 _atext
_btxt
_2rdacontent
337 _acomputer
_bc
_2rdamedia
338 _aonline resource
_bcr
_2rdacarrier
520 _aThis volume includes twelve novel empirical papers focusing on the behaviour and cognition of both captive and wild bonobos (''Pan paniscus''). Overall it demonstrates how anyone interested in understanding humans or chimpanzees must also know bonobos.
653 _aLife Sciences
856 _uhttps://docs.google.com/spreadsheets/d/1yKIrdCPDAG_9c22mwoOIO2DOhtj65Wqa/edit?usp=sharing&ouid=106555315294820607512&rtpof=true&sd=true
_yList of Curated E-Books
942 _cE-BOOK
999 _c92058
_d92055